Anything but Poland Quiz Stats

 Plays Quiz Updated Oct 12, 2016

Score 0/41 Timer 06:00
2 Plays Today
Hint Answer % Correct
Have a chemical element named after themFrance (Gallium and Francium)
94.6%
Border GermanyFrance
94.5%
Border GermanyAustria
92.6%
Have a red & white striped flag*Austria
92.6%
Border GermanySwitzerland
88.6%
Border GermanyBelgium
87.6%
Border GermanyDenmark
86.7%
Border GermanyNetherlands
85.3%
Border GermanyCzechia
85%
Border GermanyLuxembourg
81.9%
Have won 3+ World's Strongest Man Competition Gold MedalsUnited States
81.1%
Begin with the letter 'P'Peru
80.9%
Have a red & white striped flag*Peru
80.9%
Begin with the letter 'P'Panama
79.8%
Begin with the letter 'P'Portugal
77.7%
Begin with the letter 'P'Paraguay
76.8%
Have won 3+ World's Strongest Man Competition Gold MedalsUnited Kingdom
75.9%
Begin with the letter 'P'Pakistan
75.5%
Are former members of the Warsaw Pact**Hungary
75.2%
Begin with the letter 'P'Palau
73.2%
Are former members of the Warsaw Pact**Romania
67.8%
Hint Answer % Correct
Begin with the letter 'P'Philippines
63.7%
Begin with the letter 'P'Papua New Guinea
63.6%
Are former members of the Warsaw Pact**Bulgaria
63.4%
Have a chemical element named after themJapan (Nihonium)
61.1%
Have a chemical element named after themGermany (Germanium)
59.4%
Begin with the letter 'P'Palestine
57.5%
Have a red & white striped flag*Latvia
53.6%
Have a red & white striped flag*Canada
52.1%
Have won 3+ World's Strongest Man Competition Gold MedalsFinland
49.3%
Are former members of the Warsaw Pact**Albania
47.8%
Are former members of the Warsaw Pact**Czechoslovakia
47.6%
Are former members of the Warsaw Pact**Soviet Union
47.3%
Have won 3+ World's Strongest Man Competition Gold MedalsLithuania
45.4%
Have a red & white striped flag*Monaco
42.4%
Have a red & white striped flag*Indonesia
39.5%
Are former members of the Warsaw Pact**East Germany
36.4%
Have won 3+ World's Strongest Man Competition Gold MedalsIceland
34.8%
Have a red & white striped flag*Malta
22.7%
Have a red & white striped flag*Singapore
16.8%
Have a red & white striped flag*Lebanon
9.9%

You're not logged in!

Compare scores with friends on all Sporcle quizzes.
OR
Log In

Show Comments

Extras

Top Quizzes Today


Score Distribution

Your Account Isn't Verified!

In order to create a playlist on Sporcle, you need to verify the email address you used during registration. Go to your Sporcle Settings to finish the process.

Report this User

Report this user for behavior that violates our Community Guidelines.

Details: